00970nam a2200217 a 450000100100000000500170001000800410002704000250006808200240009311001120011724500390022926000700026830000330033859000260037165000460039765000530044365100750049691000420057195201220061399900170073500002154920200930011349.0100908s1976 dr ad r 000 0 spa d aDO-SdBNPbspacBNPHU a352.48bR426p, 19751 aRepública Dominicana.bSecretariado Técnico de la Presidencia.bOficina Nacional de Presupuesto.93226610aEjecución del presupuesto 1975 . aSanto Domingo :bSecretariado Técnico de la Presidencia,c1976. av. :bil., gráf. ;c28 cm. aInventariado, 2018/BT 4aPresupuestozRepública Dominicana97940 4aHacienda públicazRepública Dominicana96562 4aRepública DominicanaxGastos Presupuestarios Públicosy1975944765 aValidado. Control de calidad. MMOLINA 0010718PDaPDbPDcHDd2010-09-09iLF1l0o352.48 R426p, 1975p21549-10r2020-06-25w2020-06-25yLFPDZNo se presta c21048d21048